El gasto social en El Salvador, el Paraguay y el Perú /
En este documento se exponen aspectos técnicos y prácticos generados a partir de la implementación de un modelo, que busca estandarizar las mediciones del gasto social en América Latina. En el cual, se establecieron convenios de cooperación técnica con El Salvador, Paraguay y Perú, con el objeto de...
Enregistré dans:
| Autres auteurs: | , |
|---|---|
| Format: | Texte |
| Sujets: | |
| Tags: |
Ajouter un tag
Pas de tags, Soyez le premier à ajouter un tag!
|
MARC
| LEADER | 00000 a a2200000 04500 | ||
|---|---|---|---|
| 001 | 42283 | ||
| 003 | |||
| 040 | |||
| 090 | |a REV1291 (158) 2010 | ||
| 245 | |a El gasto social en El Salvador, el Paraguay y el Perú / |c Editado por Rodrigo Martínez ; María Paz Collinao | ||
| 520 | |a En este documento se exponen aspectos técnicos y prácticos generados a partir de la implementación de un modelo, que busca estandarizar las mediciones del gasto social en América Latina. En el cual, se establecieron convenios de cooperación técnica con El Salvador, Paraguay y Perú, con el objeto de realizar en estos espacios experiencias polito y testear la factibilidad; así, a partir de esas experiencias se obtuvieron los aportes requeridos para mejorar el modelo. | ||
| 590 | |a SJB/JULIO2012 | ||
| 650 | |a GASTOS SOCIALES | ||
| 650 | |a INSTRUMENTOS DE MEDICION | ||
| 650 | |a COOPERACION TECNICA | ||
| 650 | |a METODOLOGIA | ||
| 650 | |a POLITICA SOCIAL | ||
| 650 | |a EL SALVADOR | ||
| 650 | |a PARAGUAY | ||
| 650 | |a PERU | ||
| 700 | |a Martínez, Rodrigo |e editor | ||
| 700 | |a Collinao, María Paz | ||
| 773 | |g número158, (2010) 83 páginas : tablas, gráficos | ||
| 999 | |c 40073 |d 40073 | ||
